Mexican Foods Picture Quiz - Statistics

General Stats
  • This quiz has been taken 224 times
  • The average score is 9 of 16
Answer Stats
Picture Answer % Correct
Taco
99%
Nachos
92%
Guacamole
88%
Churros
86%
Burritos
81%
Quesadilla
80%
Tamales
71%
Enchiladas
57%
Elote
55%
Flan
51%
Tostadas
37%
Pozole
36%
Chilaquiles
23%
Menudo
23%
Sopaipillas
2%
Chiles en nogoda
1%
No matching quizzes found
Score Distribution
Percent of People with Each Score
Percentile by Number Answered
Your Score History
You have not taken this quiz